Riadenie verejných organizácií - špecifikácia
Charakteristika verejnej organizácie. Rozpočtové organizácie. Príspevková organizácia. Verejnoprávne organizácie. Manažment verejných organizácií. Rozhodovanie a oblasť metodiky, plánovania cieľov v organizáciách verejnej správy. Motivácia a oblasť stimulov. Manažment znalostí. Zriaďovanie, zmena a...
Gespeichert in:
| 1. Verfasser: | |
|---|---|
| Format: | Buchkapitel |
| Sprache: | Slowakisch |
| Schlagworte: | |
| Tags: |
Keine Tags, Fügen Sie das erste Tag hinzu!
|
MARC
| LEADER | 00000naa a2200000 4500 | ||
|---|---|---|---|
| 001 | 0260568 | ||
| 005 | 20200102093047.2 | ||
| 041 | 0 | |a slo | |
| 044 | |a SK | ||
| 245 | 1 | 0 | |a Riadenie verejných organizácií - špecifikácia |c Dagmar Hrašková |
| 520 | |a Charakteristika verejnej organizácie. Rozpočtové organizácie. Príspevková organizácia. Verejnoprávne organizácie. Manažment verejných organizácií. Rozhodovanie a oblasť metodiky, plánovania cieľov v organizáciách verejnej správy. Motivácia a oblasť stimulov. Manažment znalostí. Zriaďovanie, zmena a zrušovanie rozpočtových organizácií a príspevkových organizácií. | ||
| 610 | 2 | 0 | |a manažment verejnej správy |
| 610 | 2 | 0 | |a riadenie |
| 610 | 2 | 0 | |a rozhodovanie |
| 610 | 2 | 0 | |a správa verejná |
| 610 | 2 | 0 | |a právomoc |
| 610 | 2 | 0 | |a manažment znalostný |
| 610 | 2 | 0 | |a organizácie rozpočtové |
| 610 | 2 | 0 | |a organizácie príspevkové |
| 100 | 1 | |a Hrašková, Dagmar | |